000 00795nam a22002897a 4500
001 0000780
003 KOHA_MİRAKIL
005 20260207001220.0
007 ta
008 081212b2007 tu |||gr||||#0|||1|tur |
020 _a9789755334868
_cYTL7,69
040 _aTR-BiSEU
_btur
_cTR-BiSEU
_erda
041 0 _atur
044 _ctu
050 _aPZ7
_b.W47 2007
100 1 _aWestall, Robert.
245 1 _aMakineli tüfekçiler/
_cRobert Westall ; Robert Westall; Perihan Uysal.
264 1 _aİstanbul :
_bİmge Kitapevi
_c2007
300 _a235 sayfa
336 _ametin
_btxt
_2rdacontent
337 _aaracısız
_bn
_2rdamedia
338 _acilt
_bnc
_2rdacarrier
650 0 _aAmerikan romanı.
_93275
650 0 _aAmerikan fiction.
_93276
907 _aRoman
942 _2lcc
_cBK
999 _c778
_d778